[Event "Druzynowe Mistrzostwa Polski II Liga"]
[Site "Szklarska Poreba"]
[Date "1899-12-30"]
[Round "3.29"]
[White "Wozniak, Maciej"]
[Black "Szajda, Marcin"]
[Result "1-0"]
[WhiteTitle "k"]
[BlackTitle "I++"]
[WhiteElo "2053"]
[BlackElo "2016"]

1. e4 e5 2. f4 Bc5 3. Nf3 d6 4. Nc3 Nf6 5. Bc4 O-O 6. d3 c6 7. fxe5 dxe5 8. Bg5
Qd6 9. h3 a5 10. a4 Na6 11. Qd2 Nc7 12. Nh4 h6 13. Be3 Bxe3 14. Qxe3 Be6 15. Bxe6
Nxe6 16. Nf5 Qc5 17. Qg3 Kh7 18. Rf1 Nh5 19. Qg4 g6 20. O-O-O b5 21. Rf3 Ng5 22.
Rff1 Nf6 23. Qh4 gxf5 24. Rxf5 Qe3+ 25. Kb1 Ng8 26. Re1 Qc5 27. Rxg5 bxa4 28.
Nxa4 Qb4 29. b3 Rab8 30. Kc1 f5 31. Rh5 f4 32. Rxe5 f3 33. gxf3 Rxf3 34. Rg1 Qd4
35. Reg5 Rf7 36. R5g2 Rbf8 37. Qg4 Qe3+ 38. Kb2 Nf6 39. Qf5+ Kh8 40. Qe5 Re8 41.
Qxa5 Nd7 42. Qd2 Qxd2 43. Rxd2 Ne5 44. Rg3 Kh7 45. Nc3 h5 46. Rdg2 h4 47. Re3
Rf1 48. Ne2 Nf3 49. Kc3 Kh6 50. Nd4 Ng5 51. Rge2 Re5 52. b4 Rf6 53. Kc4 Kg6 54.
Rg2 Kf7 55. Rg4 Rh6 56. Nf5 Rh5 57. Rxh4 Rxh4 58. Nxh4 Ne6 59. Nf5 Nf8 60. Nd4
Ke8 61. Nxc6 Rh5 62. d4 Kd7 63. d5 Kc7 64. Kd4 Nd7 65. c4 Nb6 66. c5 Nd7 67. b5
Rh8 68. Rg3 Re8 69. Rg7 Kc8 70. b6 Nxb6 71. Na7+ Kb8 72. cxb6 Ka8 73. e5 Rh8 74.
Nc6 Rh4+ 75. Kc5 Rc4+ 76. Kd6 1-0

[Event "Druzynowe Mistrzostwa Polski II Liga"]
[Site "Szklarska Poreba"]
[Date "1899-12-30"]
[Round "3.30"]
[White "Chmiel, Dominika"]
[Black "Krzyzanowska-zadlo, Lidia"]
[Result "1-0"]
[WhiteTitle "m"]
[BlackTitle "k"]
[WhiteElo "2123"]
[BlackElo "1842"]

1. e4 c6 2. d4 d5 3. Nd2 dxe4 4. Nxe4 Nf6 5. Ng5 h6 6. N5f3 Bf5 7. Ne2 e6 8. Ng3
Bh7 9. Bc4 Bd6 10. Qe2 b5 11. Bb3 O-O 12. Ne5 Kh8 13. O-O Qc7 14. c3 Nbd7 15.
f4 Rab8 16. Bd2 c5 17. Rae1 c4 18. Bd1 Bxe5 19. fxe5 Bd3 20. Qf3 Nd5 21. Be2 Bg6
22. Qg4 b4 23. Qh4 Kh7 24. Bh5 bxc3 25. bxc3 Rb2 26. Bc1 Rxa2 27. Bxg6+ fxg6 28.
Ne4 Kg8 29. Bxh6 Qc6 30. Bd2 Rf5 31. g4 Rxf1+ 32. Rxf1 Rxd2 33. Qd8+ Kh7 34. Ng5+
Kh6 35. Nf7+ 1-0

[Event "Druzynowe Mistrzostwa Polski II Liga"]
[Site "Szklarska Poreba"]
[Date "1899-12-30"]
[Round "3.32"]
[White "Smolka, Marcin"]
[Black "Marszalek, Maciej"]
[Result "1-0"]
[WhiteTitle "k"]
[BlackTitle "m"]
[WhiteElo "2153"]
[BlackElo "2299"]

1. e4 c5 2. c4 e6 3. Nc3 Nc6 4. Nf3 Nge7 5. d4 Nxd4 6. Nxd4 cxd4 7. Qxd4 Nc6 8.
Qd1 Bc5 9. Bd3 Ne5 10. Be2 a6 11. O-O Qh4 12. g3 Qe7 13. Na4 Ba7 14. Bf4 f6 15.
Rc1 d6 16. b4 O-O 17. Qb3 Bd7 18. Kh1 g5 19. Bxe5 fxe5 20. f3 Qe8 21. Nb2 Bd4
22. Nd3 g4 23. Ne1 Qg6 24. b5 axb5 25. cxb5 Bc5 26. a4 Rf6 27. Qd1 Bd4 28. Rc7
Rd8 29. Rxb7 Qg5 30. f4 Qg6 31. Bxg4 Bc8 32. Rb8 Ba7 33. Ra8 Qg7 34. Qc2 Qxg4
35. Rxc8 Rxc8 36. Qxc8+ Rf8 37. Qc4 exf4 38. a5 Bc5 39. e5 Qd1 40. Qxe6+ Kh8 41.
exd6 Bxd6 42. gxf4 Bxf4 43. Rxf4 Rxf4 44. Qe5+ Kg8 45. Qg5+ Kh8 46. Qxf4 Qxe1+
47. Kg2 Qe2+ 48. Kg3 Qe1+ 49. Kg4 h5+ 50. Kxh5 Qe8+ 51. Kh6 Qe6+ 52. Kg5 Qg8+
53. Kf5 Qc8+ 54. Kg5 Qg8+ 55. Kh5 Qe8+ 56. Kg4 Qe2+ 57. Kf5 Qc2+ 58. Qe4 Qc8+
59. Qe6 Qc2+ 60. Ke5 Qxh2+ 61. Kd5 Qa2+ 62. Kd6 Qd2+ 63. Kc6 Qc2+ 64. Kb7 Qh7+
65. Ka8 Qh5 66. Qd7 Qf7 67. Qc8+ Kg7 68. Qb7 Kh8 69. a6 1-0

[Event "Druzynowe Mistrzostwa Polski II Liga"]
[Site "Szklarska Poreba"]
[Date "1899-12-30"]
[Round "3.33"]
[White "Widla, Piotr"]
[Black "Bielczyk, Jacek"]
[Result "1/2-1/2"]
[WhiteTitle "I++"]
[BlackTitle "IM"]
[WhiteElo "2046"]
[BlackElo "2291"]

1. e4 c5 2. Nc3 Nc6 3. g3 g6 4. Bg2 Bg7 5. d3 d6 6. Be3 Rb8 7. Qd2 b5 8. Nge2 Nd4
9. O-O b4 10. Bxd4 cxd4 11. Nd5 a5 12. a3 e6 13. Ndf4 Ne7 14. axb4 axb4 15. Ra4
Qb6 16. Rfa1 O-O 17. Nc1 Nc6 18. Nb3 Bb7 19. h4 Ra8 20. Rxa8 Rxa8 21. Rxa8+ Bxa8
22. Ne2 Na5 23. Nec1 h6 24. Nxa5 Qxa5 25. Nb3 Qb6 26. Kh2 Bc6 27. Qc1 Qa7 28.
Qd2 Qb6 29. Qc1 Qa7 30. Qd2 Qb6 31. Qc1 1/2-1/2

[Event "Druzynowe Mistrzostwa Polski II Liga"]
[Site "Szklarska Poreba"]
[Date "1899-12-30"]
[Round "3.34"]
[White "Musial, Tomasz"]
[Black "Olesiak, Marcin"]
[Result "1-0"]
[WhiteTitle "I++"]
[BlackTitle "I+"]
[WhiteElo "1985"]
[BlackElo "2076"]

1. e4 c5 2. Nf3 d6 3. d4 cxd4 4. Nxd4 Nf6 5. Nc3 a6 6. h3 e5 7. Nde2 Be6 8. g4
h6 9. Bg2 Be7 10. O-O Nbd7 11. Ng3 Qc7 12. Nf5 Bxf5 13. exf5 Nb6 14. a4 Rd8 15.
a5 Nc4 16. Nd5 Nxd5 17. Qxd5 b6 18. Qc6+ Qxc6 19. Bxc6+ Kf8 20. axb6 Nxb6 21.
Rxa6 Rb8 22. Be3 Nc4 23. Bd5 Nxe3 24. fxe3 h5 25. Rfa1 hxg4 26. Ra8 Rd8 27. hxg4
g6 28. fxg6 fxg6 29. Rf1+ Kg7 30. Ra7 1-0

[Event "Druzynowe Mistrzostwa Polski II Liga"]
[Site "Szklarska Poreba"]
[Date "1899-12-30"]
[Round "3.35"]
[White "Dziodzio, Angelika"]
[Black "Kmak, Wieslaw"]
[Result "1-0"]
[WhiteTitle "WFM"]
[BlackTitle "I"]
[WhiteElo "2108"]
[BlackElo "1867"]

1. e4 c5 2. Nf3 Nc6 3. Bb5 g6 4. O-O Bg7 5. c3 Qb6 6. Na3 d6 7. d4 cxd4 8. cxd4
Bd7 9. Be3 Qd8 10. Qe2 Nf6 11. e5 Ne4 12. exd6 Nxd6 13. d5 Nb4 14. Bc5 Nxb5 15.
Nxb5 Nxd5 16. Rad1 Bxb5 17. Qxb5+ Qd7 18. Qxd7+ Kxd7 19. Rxd5+ Kc6 20. Rfd1 e6
21. Ne5+ Kb5 22. a4+ Kxa4 23. R5d4+ Kb5 24. Bd6 a5 25. R4d3 Rhd8 26. Nxf7 Rd7
27. Ng5 a4 28. R3d2 Rxd6 29. Rxd6 Bxb2 30. Rb1 a3 31. Rd2 Kc4 32. Kf1 b5 33. Rdxb2
axb2 34. Rxb2 b4 35. Ne4 b3 36. Ke2 Rb8 37. Ke3 Kb4 38. Nd2 Kc3 39. Rxb3+ Rxb3
40. Nxb3 Kxb3 41. Kd3 Kb2 42. g4 1-0

[Event "Druzynowe Mistrzostwa Polski II Liga"]
[Site "Szklarska Poreba"]
[Date "1899-12-30"]
[Round "3.36"]
[White "Mucha, Marta"]
[Black "Wesolowska, Hanna"]
[Result "0-1"]
[WhiteTitle "I"]
[BlackTitle "WFM"]
[WhiteElo "1377"]
[BlackElo "1950"]

1. d4 d5 2. Nf3 c6 3. e3 Bg4 4. Be2 Nf6 5. h3 Bh5 6. g4 Bg6 7. Ne5 Nfd7 8. Nxg6
hxg6 9. Nc3 e6 10. Bd3 Bb4 11. Bd2 Qf6 12. f4 c5 13. Nb5 Qh4+ 14. Ke2 Bxd2 15.
Qxd2 c4 16. Bxg6 O-O 17. Bxf7+ Rxf7 18. Nc7 Nc6 19. Nxa8 Qd8 20. g5 Qxa8 21. h4
Qf8 22. Raf1 Ne7 23. h5 Nf5 24. Qe1 Qd8 25. Rfg1 Nb6 26. h6 g6 27. Qa5 Qd6 28.
Rh3 a6 29. Qe1 Kh7 30. Qa5 Qc6 31. Rhh1 Nc8 32. Rh3 Ncd6 33. Re1 Ne4 34. Rb1 Nfd6
35. Rh2 b5 36. Rg2 c3 37. Qd8 Qc4+ 38. Ke1 Qxa2 39. Rd1 cxb2 40. c4 b1=Q 0-1

[Event "Druzynowe Mistrzostwa Polski II Liga"]
[Site "Szklarska Poreba"]
[Date "1899-12-30"]
[Round "3.37"]
[White "Brzezinski, Mateusz"]
[Black "Janaszak, Dawid"]
[Result "0-1"]
[WhiteTitle "k"]
[BlackTitle "FM"]
[WhiteElo "2119"]
[BlackElo "2382"]

1. d4 g6 2. c4 Nf6 3. Nc3 Bg7 4. g3 O-O 5. Bg2 d6 6. Nf3 Nc6 7. O-O Bg4 8. h3 Bxf3
9. Bxf3 Nd7 10. Be3 e5 11. Bxc6 bxc6 12. Qd2 Qe7 13. b3 f5 14. dxe5 Qxe5 15. Rac1
a5 16. Rfd1 Rfe8 17. Bd4 Qe6 18. Bxg7 Kxg7 19. Qd4+ Kf7 20. Qh4 Kg8 21. Rd2 Nc5
22. Qd4 Rab8 23. Rb2 Rb4 24. Re1 f4 25. g4 a4 26. Nxa4 Nxa4 27. bxa4 Rxc4 28.
Qa7 f3 29. e4 Rxe4 30. Rxe4 Qxe4 31. Rb8 Qe1+ 32. Kh2 Qe5+ 33. Kg1 c5 34. Rxe8+
Qxe8 35. Qa5 Qe4 36. Kh2 g5 37. Qd2 Qe5+ 38. Kg1 c4 39. Qd1 Qe4 40. a5 Qe2 41.
Qd5+ Kf8 42. Qf5+ Ke7 43. Qxg5+ Kd7 44. Qb5+ Kc8 45. Qf5+ Kb8 46. Qb1+ Ka7 47.
a6 Kxa6 48. a4 c3 0-1

[Event "Druzynowe Mistrzostwa Polski II Liga"]
[Site "Szklarska Poreba"]
[Date "1899-12-30"]
[Round "3.38"]
[White "Dudzinski, Piotr"]
[Black "Kujawski, Adam"]
[Result "1/2-1/2"]
[WhiteTitle "FM"]
[BlackTitle "k"]
[WhiteElo "2341"]
[BlackElo "2245"]

1. e4 e5 2. Nf3 Nc6 3. Bc4 Nf6 4. d3 Be7 5. O-O O-O 6. Bb3 d5 7. Nbd2 dxe4 8. dxe4
Bg4 9. c3 a6 10. h3 Bh5 11. Qe2 Qe8 12. Re1 Bg6 13. Nh4 Kh8 14. Nxg6+ fxg6 15.
Nf3 Nh5 16. g3 Bc5 17. Kg2 h6 18. Rf1 Kh7 19. Be3 Bxe3 20. Qxe3 Qe7 21. Bd5 Nd8
22. Rad1 c6 23. Bb3 Ne6 24. Kh1 Nc5 25. Bc4 b5 26. Be2 Rad8 27. b4 Na4 28. Kg2
Nf6 29. Rxd8 Rxd8 30. Rd1 Rd6 31. a3 g5 32. Rxd6 Qxd6 33. c4 Nd7 34. c5 Qe6 35.
Qxg5 Nc3 36. Bd3 Qxh3+ 37. Kxh3 hxg5 38. Nxg5+ Kg6 39. Nf3 Kf6 40. Ne1 a5 41.
f4 axb4 42. axb4 Na2 43. Nc2 Nb8 44. Ne3 Nd7 45. Bxb5 Nxb4 46. Bc4 Nxc5 47. Ng4+
Ke7 48. Nxe5 Nxe4 49. Kh4 Kd6 50. Nd3 c5 1/2-1/2

[Event "Druzynowe Mistrzostwa Polski II Liga"]
[Site "Szklarska Poreba"]
[Date "1899-12-30"]
[Round "3.39"]
[White "Kulczyk, Pawel"]
[Black "Wlodarczyk, Oskar"]
[Result "0-1"]
[WhiteTitle "k"]
[BlackTitle "FM"]
[WhiteElo "2087"]
[BlackElo "2281"]

1. d4 Nf6 2. Nf3 g6 3. c4 d5 4. Nc3 Bg7 5. Bf4 O-O 6. e3 c5 7. Be2 dxc4 8. Bxc4
cxd4 9. Nxd4 a6 10. a4 Qa5 11. Bxb8 Rxb8 12. O-O Bd7 13. Qb3 Rbc8 14. Bd5 Rxc3
15. Bxf7+ Rxf7 16. bxc3 Qc7 17. Rfb1 Ng4 18. g3 Nxf2 19. Rf1 Nh3+ 20. Kg2 Bf6
21. e4 Ng5 22. Rae1 Bh3+ 23. Kg1 Bxf1 24. Rxf1 Nxe4 25. Ne6 Nc5 26. Nxc7 Nxb3
27. Nd5 Nc5 28. Rf4 Be5 29. Rc4 Bd6 30. Nb6 e5 31. Nc8 Bf8 32. Nb6 Nxa4 33. Nxa4
b5 34. Re4 bxa4 35. Rxa4 Rf6 36. Ra5 e4 37. Re5 e3 38. Kg2 Rf2+ 39. Kg1 Rc2 40.
Ra5 Rc1+ 0-1

[Event "Druzynowe Mistrzostwa Polski II Liga"]
[Site "Szklarska Poreba"]
[Date "1899-12-30"]
[Round "3.40"]
[White "Michalski, Filip"]
[Black "Mazalon, Mariusz"]
[Result "1-0"]
[WhiteTitle "k"]
[BlackTitle "k"]
[WhiteElo "2166"]
[BlackElo "2066"]

1. d4 Nf6 2. c4 g6 3. Nc3 Bg7 4. e4 O-O 5. Nf3 c6 6. Be2 d5 7. e5 Ne4 8. O-O Nxc3
9. bxc3 dxc4 10. Bxc4 c5 11. Re1 Bg4 12. e6 f5 13. d5 a6 14. a4 h6 15. Rb1 b6
16. Qd3 f4 17. Nh4 g5 18. h3 Bh5 19. Nf3 Qd6 20. Qe4 Ra7 21. Bd3 Rf6 22. Qh7+
Kf8 23. c4 a5 24. Bb2 Na6 25. Bxf6 exf6 26. e7+ Rxe7 27. Rxe7 Qxe7 28. Rxb6 Nb4
29. Rb8+ Kf7 30. Qg8# 1-0

[Event "Druzynowe Mistrzostwa Polski II Liga"]
[Site "Szklarska Poreba"]
[Date "1899-12-30"]
[Round "3.41"]
[White "Skowronski, Piotr"]
[Black "Chmielarz, Maciej"]
[Result "1/2-1/2"]
[WhiteTitle "I+"]
[BlackTitle "I+"]
[WhiteElo "2064"]
[BlackElo "1950"]

1. c4 Nf6 2. Nc3 e6 3. d4 d5 4. Bf4 Bd6 5. Bg3 Bxg3 6. hxg3 Nbd7 7. e3 Qe7 8. Nf3
c6 9. Be2 h6 10. Qc2 dxc4 11. Bxc4 e5 12. dxe5 Nxe5 13. Nxe5 Qxe5 14. O-O-O Be6
15. Bxe6 Qxe6 16. Rd2 O-O 17. Rhd1 Rfe8 18. Rd4 Rac8 19. e4 b5 20. f3 a5 21. Kb1
Qe7 22. Qd2 c5 23. Rd6 b4 24. Na4 c4 25. Qd4 Rc7 26. Rc1 Rb8 27. e5 Nd7 28. f4
c3 29. Rd5 Nf8 30. f5 Rd7 31. Rxd7 Qxd7 32. Qxd7 Nxd7 33. Re1 Rb5 34. e6 fxe6
35. fxe6 Nf6 36. bxc3 bxc3+ 37. Kc2 Rg5 38. Re3 Nd5 39. Rf3 Re5 40. Nxc3 Nb4+
41. Kb3 Rxe6 42. Rf5 Nc6 43. Kc4 Re3 44. Rc5 Ne7 45. Rxa5 Rxg3 46. Re5 Kf7 47.
Re2 h5 48. a4 Rg5 49. Ne4 Ra5 50. Ra2 Nc6 51. Nc5 Ne5+ 52. Kb4 Nc6+ 53. Kc4 Ne5+
54. Kb4 Nc6+ 1/2-1/2

[Event "Druzynowe Mistrzostwa Polski II Liga"]
[Site "Szklarska Poreba"]
[Date "1899-12-30"]
[Round "3.42"]
[White "Czerwinska, Milena"]
[Black "Mackiewicz, Anna"]
[Result "1-0"]
[WhiteTitle "WFM"]
[BlackTitle "k+"]
[WhiteElo "2013"]
[BlackElo "1945"]

1. e4 c5 2. Nf3 e6 3. d4 cxd4 4. Nxd4 a6 5. Nc3 Bb4 6. Bd2 Nf6 7. Bd3 Qc7 8. O-O
Nc6 9. Nf3 O-O 10. Qe2 d6 11. a3 Bc5 12. Be3 b5 13. Bxc5 dxc5 14. e5 Nd5 15. Qe4
f5 16. exf6 Nxf6 17. Qh4 c4 18. Be4 Nxe4 19. Qxe4 Rf4 20. Qe3 Bd7 21. Rad1 Raf8
22. Ng5 Rh4 23. g3 Rh6 24. f4 Bc8 25. Rfe1 Ne7 26. Nce4 Nd5 27. Qc5 Qxc5+ 28.
Nxc5 Nc7 29. Rd6 Re8 30. Re5 Rf6 31. Kf2 h6 32. Nf3 Kf7 33. Ke2 Ke7 34. Rd2 Rd8
35. Rxd8 Kxd8 36. Nd4 Ke7 37. Nc6+ Kd6 38. Nd4 Ke7 39. Ne4 Rf8 40. f5 Re8 41.
fxe6 Nxe6 42. Ke3 g6 43. h4 Rg8 44. Nxe6 Bxe6 45. Nc5 Kd6 46. Rxe6+ Kxc5 47. Rxa6
Kd5 48. b3 Re8+ 49. Kd2 cxb3 50. cxb3 Rg8 51. Ke3 Re8+ 52. Kd3 Rg8 53. g4 Rg7
54. g5 hxg5 55. hxg5 Rg8 56. Kc3 Kc5 57. b4+ Kd5 58. Rb6 Rf8 59. Rxb5+ Ke4 60.
a4 Rf3+ 61. Kc4 Kf4 62. a5 Ra3 63. Rc5 Ke4 64. Kb5 Kd4 65. a6 Ke4 66. Kb6 Ra4
1-0

[Event "Druzynowe Mistrzostwa Polski II Liga"]
[Site "Szklarska Poreba"]
[Date "1899-12-30"]
[Round "3.43"]
[White "Niekras, Dawid"]
[Black "Stachanczyk, Jacek"]
[Result "1-0"]
[WhiteTitle "FM"]
[BlackTitle "IM"]
[WhiteElo "2313"]
[BlackElo "2218"]

1. e4 c5 2. Nf3 d6 3. d4 cxd4 4. Nxd4 Nf6 5. Nc3 g6 6. Be3 Bg7 7. f3 O-O 8. Qd2
Nc6 9. g4 Be6 10. h4 Nxd4 11. Bxd4 Qa5 12. a3 h5 13. O-O-O hxg4 14. h5 Nxh5 15.
Bxg7 Kxg7 16. f4 f6 17. Be2 Ng3 18. Rhg1 Nxe2+ 19. Qxe2 Rac8 20. Nd5 Qa6 21. Qf2
Bxd5 22. exd5 f5 23. Rde1 Rc7 24. Rh1 Qc4 25. Qh2 Kf7 26. Qh7+ Ke8 27. Qxg6+ Kd8
28. Kb1 Qxc2+ 29. Ka1 Qd2 30. Qg7 Re8 31. Qf7 Qxf4 32. Rhf1 Qg5 33. Rxf5 Rc1+
34. Rxc1 Qxc1+ 35. Ka2 Qc4+ 36. Ka1 Rh8 37. Rf1 Qe4 38. Rc1 g3 39. Qg7 Qe5 40.
Qg4 Ke8 41. Qc8+ Kf7 42. Rf1+ Kg6 43. Qg4+ Qg5 44. Qe6+ 1-0

[Event "Druzynowe Mistrzostwa Polski II Liga"]
[Site "Szklarska Poreba"]
[Date "1899-12-30"]
[Round "3.44"]
[White "Gumula, Daniel"]
[Black "Zakrzewski, Marek"]
[Result "1/2-1/2"]
[WhiteTitle "FM"]
[BlackTitle "k"]
[WhiteElo "2260"]
[BlackElo "2249"]

1. d4 Nf6 2. c4 e6 3. Nc3 Bb4 4. Qc2 c5 5. dxc5 Bxc5 6. Nf3 Qb6 7. e3 Qc7 8. a3
b6 9. b4 Be7 10. Bb2 Bb7 11. Nb5 Qd8 12. Rd1 Be4 13. Bd3 Bxd3 14. Qxd3 Nc6 15.
Nd6+ Bxd6 16. Qxd6 Ne7 17. Qg3 Nf5 18. Qf4 Qb8 19. Be5 Qb7 20. Bxf6 gxf6 21. e4
Ne7 22. O-O f5 23. Rfe1 O-O-O 24. exf5 Nxf5 25. c5 b5 26. a4 Rhg8 27. axb5 Qxb5
28. Ra1 Qb8 29. Qc4 Qb7 30. Kf1 Rxg2 31. c6 dxc6 32. Kxg2 Kb8 33. Ne5 Nd4 34.
Qc5 f6 35. Ng4 Nb3 36. Qxa7+ Qxa7 37. Rxa7 Kxa7 38. Rxe6 Nd4 39. Re7+ Kb6 40.
Nxf6 Nc2 41. Rxh7 Nxb4 42. Rd7 Rxd7 43. Nxd7+ Kc7 44. Ne5 Kd6 45. f4 Ke6 46. Kf3
Kf5 47. Nc4 Nd3 48. Ne3+ Kg6 49. Ke4 Nc5+ 50. Kd4 Nd7 51. h3 Kf6 52. h4 Kg6 53.
Ke4 Kh5 54. Ng2 Kg4 55. Kd4 Nf8 56. Ke5 Ng6+ 57. Kf6 Nxf4 58. Nxf4 Kxh4 1/2-1/2

[Event "Druzynowe Mistrzostwa Polski II Liga"]
[Site "Szklarska Poreba"]
[Date "1899-12-30"]
[Round "3.45"]
[White "Bajerlein, Dawid"]
[Black "Kolosowski, Pawel"]
[Result "1/2-1/2"]
[WhiteTitle "k"]
[BlackTitle "m"]
[WhiteElo "2044"]
[BlackElo "2224"]

1. d4 Nf6 2. c4 g6 3. g3 Bg7 4. Bg2 d6 5. Nc3 O-O 6. Nf3 Nc6 7. O-O a6 8. h3 Rb8
9. Re1 Bd7 10. e4 e5 11. dxe5 Nxe5 12. Nxe5 dxe5 13. Be3 Be6 14. Nd5 Nd7 15. c5
c6 16. Nb6 Nxb6 17. cxb6 Qxd1 18. Rexd1 Rfd8 19. b3 f6 20. Bf1 Bf8 21. Bc4 Kf7
22. Kf1 Ba3 23. Ke2 Ke7 24. g4 Rd6 25. Rxd6 Bxd6 26. Bxe6 Kxe6 27. Kd3 Rd8 28.
Kc4 Rd7 29. a4 Be7 30. f3 f5 31. gxf5+ 1/2-1/2

[Event "Druzynowe Mistrzostwa Polski II Liga"]
[Site "Szklarska Poreba"]
[Date "1899-12-30"]
[Round "3.46"]
[White "Garbowski, Jakub"]
[Black "Bernat, Marcin"]
[Result "1-0"]
[WhiteTitle "k"]
[BlackTitle "k"]
[WhiteElo "2156"]
[BlackElo "2111"]

1. e4 e6 2. d4 d5 3. Nd2 Nc6 4. Ngf3 Nf6 5. e5 Nd7 6. Bb5 a6 7. Bxc6 bxc6 8. O-O
c5 9. c3 Be7 10. Re1 a5 11. Nf1 O-O 12. Ng3 f6 13. exf6 Nxf6 14. Ng5 cxd4 15.
cxd4 Ra6 16. Nf3 c5 17. Bd2 Ng4 18. h3 Nxf2 19. Kxf2 Bh4 20. Re5 cxd4 21. Qe1
Bf6 22. Kg1 Bxe5 23. Qxe5 Qf6 24. Qxd4 Qxd4+ 25. Nxd4 e5 26. Nf3 e4 27. Nd4 a4
28. Bb4 Re8 29. Re1 Rb6 30. a3 Rg6 31. Kh2 Bd7 32. Nf1 Rf6 33. Ne3 Re5 34. Rc1
Rf7 35. Rc5 h5 36. Rxd5 Rxd5 37. Nxd5 Rf2 38. Bc3 Kf7 39. Kg1 e3 40. Nxe3 Rf6
41. Nf3 Rd6 42. Kf2 Be8 43. Nf5 Rc6 44. Ne5+ 1-0

[Event "Druzynowe Mistrzostwa Polski II Liga"]
[Site "Szklarska Poreba"]
[Date "1899-12-30"]
[Round "3.47"]
[White "Rozumek, Krzysztof"]
[Black "Siedlinski, Piotr"]
[Result "1/2-1/2"]
[WhiteTitle "I++"]
[BlackTitle "k"]
[WhiteElo "1906"]
[BlackElo "2132"]

1. d4 d5 2. Bf4 Nf6 3. e3 e6 4. Nf3 Be7 5. Bd3 c5 6. b3 Nc6 7. O-O O-O 8. Ne5 cxd4
9. Nxc6 bxc6 10. exd4 c5 11. c3 Qb6 12. Be3 Bd7 13. Nd2 Bb5 14. dxc5 Bxc5 15.
Bxc5 Qxc5 16. Bxb5 Qxb5 17. c4 Qa6 18. cxd5 Nxd5 19. Nc4 Rfd8 20. Qf3 Rac8 21.
h3 Nf6 22. Rfd1 Rxd1+ 23. Qxd1 Qc6 24. Qd4 Qc7 25. Rd1 Nd5 26. Ne3 Nb6 27. Rd2
Qc1+ 28. Kh2 h6 29. Rc2 Rxc2 30. Qd8+ Kh7 31. Qd3+ Kg8 32. Qxc2 Qa3 33. Nc4 Qc5
34. Kg1 Nd5 1/2-1/2

[Event "Druzynowe Mistrzostwa Polski II Liga"]
[Site "Szklarska Poreba"]
[Date "1899-12-30"]
[Round "3.48"]
[White "Guzik, Jolanta"]
[Black "Debowiak, Arleta"]
[Result "1/2-1/2"]
[WhiteTitle "WFM"]
[BlackTitle "k"]
[WhiteElo "2041"]
[BlackElo "1838"]

1. c4 c5 2. Nc3 Nc6 3. g3 g6 4. Bg2 Bg7 5. d3 e5 6. e3 Nge7 7. Nge2 O-O 8. O-O
Rb8 9. f4 d6 10. Nd5 Bg4 11. h3 Bxe2 12. Qxe2 b5 13. fxe5 dxe5 14. Nxe7+ Nxe7
15. cxb5 Rxb5 16. d4 Qb8 17. Kh2 exd4 18. exd4 Nf5 19. Bf4 Nxd4 20. Qc4 Qb6 21.
Rab1 Rb4 22. Qd5 Rd8 23. Qe4 Ne6 24. Qe3 Rxb2 25. Rxb2 Qxb2 26. Rf2 Qa1 27. Qf3
c4 28. Be3 f5 29. Qc6 Qe5 30. Bxa7 f4 31. gxf4 Nxf4 32. Qxc4+ Ne6+ 33. Kh1 Kh8
34. Rf1 h6 35. Qe4 Qxe4 36. Bxe4 g5 37. Be3 Rb8 38. Rb1 Re8 39. Bg6 Ra8 40. Bf7
Nd4 41. Bxd4 1/2-1/2

[Event "Druzynowe Mistrzostwa Polski II Liga"]
[Site "Szklarska Poreba"]
[Date "1899-12-30"]
[Round "3.49"]
[White "Kumala, Aleksander"]
[Black "Piotrowski, Przemyslaw"]
[Result "1/2-1/2"]
[WhiteTitle "k"]
[BlackTitle "k+"]
[WhiteElo "2215"]
[BlackElo "2324"]

1. d4 Nf6 2. c4 g6 3. Nc3 Bg7 4. e4 d6 5. f3 O-O 6. Be3 e5 7. Nge2 exd4 8. Nxd4
Nc6 9. Nxc6 bxc6 10. Be2 Re8 11. O-O Bb7 12. Qb3 Qc8 13. Rad1 c5 14. Rfe1 Nd7
15. Qc2 Ne5 16. Bf1 Nc6 17. Qf2 Bd4 18. Bxd4 Nxd4 19. Nb5 Nc6 20. Nc3 Nd4 21.
Nb5 Nxb5 22. cxb5 Qe6 23. b3 a6 24. Bc4 Qf6 25. a4 axb5 26. Bxb5 Re7 27. Qc2 Ba6
28. Bxa6 Rxa6 29. Qc4 Ra5 30. Re2 Re8 31. Qd5 Ra7 32. Red2 Rb8 33. e5 Qxe5 34.
Qxe5 dxe5 35. Rd8+ Rxd8 36. Rxd8+ Kg7 37. Rd5 c4 38. bxc4 Kf6 39. a5 Ke6 40. Rc5
Kd6 41. Rd5+ Ke6 42. Rc5 h5 43. Kf2 h4 44. Rc6+ Kd7 45. Rf6 Ke7 46. Rc6 Rxa5 47.
Rxc7+ Ke6 48. h3 Ra2+ 49. Kg1 f6 50. c5 g5 51. c6 Rc2 52. Rc8 Kf5 53. Kh2 Kf4
54. c7 f5 55. Rf8 Rxc7 56. Rf6 Rc1 57. Rf7 Re1 58. Rf8 e4 59. fxe4 Rxe4 60. Rf7
Re5 61. Rf8 Ke3 62. Rg8 f4 63. Ra8 Kf2 64. Ra2+ Re2 65. Ra5 Kf1 66. Ra1+ Re1 67.
Ra5 Re3 68. Rxg5 Re2 69. Kh1 Kf2 70. Rf5 Re4 71. Kh2 Ke3 72. Rf8 Kf2 73. Rh8 Re7
74. Rxh4 Rf7 75. Rh8 Rg7 76. Ra8 Rxg2+ 77. Kh1 Rg1+ 78. Kh2 Rg2+ 79. Kh1 f3 80.
h4 Rg4 81. Ra2+ Kg3 82. Kg1 Rxh4 83. Rg2+ Kf4 84. Rg8 Rg4+ 85. Rxg4+ Kxg4 86.
Kf2 Kf4 87. Kf1 Ke5 1/2-1/2

[Event "Druzynowe Mistrzostwa Polski II Liga"]
[Site "Szklarska Poreba"]
[Date "1899-12-30"]
[Round "3.50"]
[White "Chojnacki, Slawomir"]
[Black "Kasperek, Ryszard"]
[Result "1/2-1/2"]
[WhiteTitle "k"]
[BlackTitle "m"]
[WhiteElo "2260"]
[BlackElo "2133"]

1. d4 Nf6 2. Nf3 c5 3. c3 d5 4. Bf4 Nc6 5. e3 Qb6 6. Qc2 Bg4 7. Nbd2 e6 8. Be2
Nh5 9. Be5 f6 10. Bg3 Bf5 11. Qb3 Nxg3 12. hxg3 g5 13. dxc5 Bxc5 14. Nd4 Nxd4
15. exd4 Qxb3 16. axb3 Bb6 17. g4 Bg6 18. b4 e5 19. Nb3 exd4 20. Nxd4 Bxd4 21.
cxd4 Kd7 22. Kd2 Rac8 23. Bd3 Bxd3 24. Kxd3 Rc4 25. b3 Rxb4 26. Kc3 Rb6 27. Rxa7
h6 28. Ra5 Kd6 29. Rc5 Ra6 30. Kd3 Ra3 31. Rc3 Ra2 32. Rc2 Ra3 33. Rb2 Ra6 34.
Rh3 Ke6 35. Re2+ Kd7 36. Rhe3 Rh7 37. Kc3 Rb6 38. Re1 Rf7 39. Rf3 Rh7 40. Rh3
Rc6+ 41. Kb2 Re6 42. Rxe6 Kxe6 43. Kc3 Rc7+ 44. Kd2 Rh7 45. Rh1 Kd6 46. g3 Ke6
47. f3 Rh8 48. f4 gxf4 49. gxf4 Rg8 50. Rh4 Kf7 51. Kc3 b6 52. Kd3 f5 53. gxf5
Rg3+ 54. Kc2 Kf6 55. Rxh6+ Kxf5 56. Rxb6 Ke4 57. f5 Kxd4 58. b4 Kc4 59. Kd2 d4
60. f6 Rf3 61. Ke2 Rf5 62. Kd2 Rf2+ 63. Kd1 Rf1+ 64. Ke2 Rf5 65. b5 Kc5 66. Re6
Kxb5 67. Kd3 Kc5 68. Ke4 Rf1 69. Ra6 d3 70. Kxd3 Kd5 71. Ke2 Rf4 72. Ke3 Rf1 73.
Rb6 Ke5 74. Ke2 Rxf6 75. Rxf6 1/2-1/2

[Event "Druzynowe Mistrzostwa Polski II Liga"]
[Site "Szklarska Poreba"]
[Date "1899-12-30"]
[Round "3.51"]
[White "Puczylowski, Marcin"]
[Black "Fiedorek, Michal"]
[Result "1-0"]
[WhiteTitle "k"]
[BlackTitle "I"]
[WhiteElo "2116"]
[BlackElo "2001"]

1. e4 c5 2. Nf3 d6 3. Bb5+ Nd7 4. O-O a6 5. Bd3 Ngf6 6. Re1 b5 7. c4 Nb6 8. cxb5
c4 9. Bf1 axb5 10. Na3 Qd7 11. b3 Ba6 12. bxc4 Nxc4 13. d4 g6 14. Qb3 Rc8 15.
Rb1 Nxa3 16. Bxa3 Rb8 17. e5 dxe5 18. Nxe5 Qe6 19. Bc4 Qb6 20. Bxf7+ Kd8 21. Be6
Ke8 22. Bf7+ Kd8 23. Bd5 Bg7 24. Nc6+ Kc8 25. Bc5 Qc7 26. Rxe7 Nxd5 27. Qxd5 1-0

[Event "Druzynowe Mistrzostwa Polski II Liga"]
[Site "Szklarska Poreba"]
[Date "1899-12-30"]
[Round "3.52"]
[White "Maciol, Ryszard"]
[Black "Kanarkiewicz, Michal"]
[Result "1-0"]
[WhiteTitle "k"]
[BlackTitle "k"]
[WhiteElo "2134"]
[BlackElo "2066"]

1. d4 Nf6 2. c4 g6 3. Nc3 Bg7 4. e4 d6 5. Nge2 O-O 6. f3 e5 7. Be3 Nc6 8. d5 Ne7
9. Ng3 Ne8 10. Qd2 f5 11. exf5 Nxf5 12. Nxf5 gxf5 13. Bg5 Nf6 14. O-O-O Qe8 15.
Bd3 Bd7 16. Kb1 a6 17. Bh6 Bxh6 18. Qxh6 Qg6 19. Qh4 Qh5 20. Qf2 Rae8 21. c5 e4
22. Bc4 f4 23. cxd6 e3 24. Qe1 cxd6 25. Ne2 Rc8 26. Rd4 Qe5 27. Rxf4 Kh8 28. Qd1
b5 29. Bb3 a5 30. Qd4 a4 31. Bc2 Nxd5 32. Rxf8+ Rxf8 33. Rd1 Qxd4 34. Rxd4 Be6
35. Bd3 Rb8 36. Be4 Nf6 37. Rxd6 Bc4 38. Bd3 Bxd3+ 39. Rxd3 Re8 40. Kc2 Re5 41.
Rd4 Kg7 42. Kd3 Kg6 43. a3 Kf5 44. Rd6 Nd5 45. Kd4 Nf4 46. Ng3+ Kg5 47. Kxe5 e2
48. h4+ Kxh4 49. Kxf4 1-0